QUEST Central Library Banner

Valve and Actuator Technology / (Record no. 9627)

MARC details
000 -LEADER
fixed length control field 00590nam a2200217 a 4500
003 - CONTROL NUMBER IDENTIFIER
control field PK-NaQUE
005 - DATE AND TIME OF LATEST TRANSACTION
control field 20250926093635.0
008 - FIXED-LENGTH DATA ELEMENTS--GENERAL INFORMATION
fixed length control field 250926b ||||| |||| 00| 0 eng d
020 ## - INTERNATIONAL STANDARD BOOK NUMBER
International Standard Book Number 0070194777 (hardcover)
020 ## - INTERNATIONAL STANDARD BOOK NUMBER
International Standard Book Number 9780070194779 (hardcover)
040 ## - CATALOGING SOURCE
Transcribing agency QUEST
082 ## - DEWEY DECIMAL CLASSIFICATION NUMBER
Classification number 621.84ULA
100 1# - MAIN ENTRY--PERSONAL NAME
Personal name Ulanski, Wayne.
245 10 - TITLE STATEMENT
Title Valve and Actuator Technology /
260 ## - PUBLICATION, DISTRIBUTION, ETC. (IMPRINT)
Place of publication, distribution, etc [S.l.] :
Name of publisher, distributor, etc Mcgraw-Hill (Tx),
Date of publication, distribution, etc 1991.
300 ## - PHYSICAL DESCRIPTION
Extent 256 p. ;
650 ## - SUBJECT ADDED ENTRY--TOPICAL TERM
Topical term or geographic name as entry element Valves
650 ## - SUBJECT ADDED ENTRY--TOPICAL TERM
Topical term or geographic name as entry element Actuators
856 40 - ELECTRONIC LOCATION AND ACCESS
Uniform Resource Identifier <a href="http://10.10.170.122:8080/browse/book/28516">http://10.10.170.122:8080/browse/book/28516</a>
Link text Download eBook
942 ## - ADDED ENTRY ELEMENTS (KOHA)
Koha item type Books
Source of classification or shelving scheme Dewey Decimal Classification
Holdings
Withdrawn status Lost status Damaged status Not for loan Collection code Home library Current library Date acquired Total Checkouts Full call number Barcode Date last seen Koha item type Price effective from
          Central Library, QUEST, Nawabshah Central Library, QUEST, Nawabshah 09/09/2014   ULA 17639 09/09/2014 Books 09/09/2014
        Reference Reference Section Stacks area 09/09/2014   ULA (Shelf - 67E) 17638 09/09/2014 Books  

Copyright © 2018,The QUEST, Nawabshah, Shaheed Benazirabad. All rights reserved
Mr. G. Farooq Channar (Librarian) QUEST, Nawabshah, Sindh, Pakistan 67480.
 Ph#: |   0244-9370381-4 Ext. 2308   Email| lib@quest.edu.pk   Web|  http://www.quest.edu.pk